Guess a random Conan Gray Song (without hints) - Statistics

General Stats
  • This quiz has been taken 192 times
  • The average score is 137 of 249
Answer Stats
Answer % Correct
I
98%
a
97%
you
97%
me
90%
the
90%
The
90%
We
86%
we
86%
your
85%
be
77%
And
75%
and
75%
my
74%
when
74%
When
74%
that
73%
to
72%
it
71%
on
69%
so
68%
like
67%
I'm
64%
for
63%
In
63%
is
63%
but
61%
But
61%
never
60%
of
60%
see
57%
All
56%
ever
56%
too
56%
think
54%
would
54%
at
53%
At
53%
just
53%
can't
52%
Could
51%
have
51%
What
51%
life
50%
face
49%
from
48%
From
48%
every
46%
knew
46%
was
46%
tired
45%
didn't
44%
with
44%
year
44%
change
43%
I'll
43%
back
42%
I'd
41%
some
41%
holidays
39%
keep
39%
our
39%
years
39%
Years
39%
same
38%
everyone
37%
Took
37%
exactly
35%
passed
35%
eyes
34%
growing
34%
I've
34%
way
34%
youth
34%
bed
33%
only
33%
talk
33%
flight
32%
laugh
32%
order
32%
orders
32%
show
32%
taking
32%
Texas
32%
coffee
30%
had
30%
house
30%
it'd
30%
old
30%
speak
30%
undone
30%
up
30%
friendship
29%
disappear
28%
Felt
28%
Photo
28%
read
28%
seventeen
28%
Books
27%
gasoline
27%
tastes
27%
those
27%
again
26%
ago
26%
barely
26%
cold
26%
give
26%
magazines
25%
strips
25%
Lane
24%
graduation
23%
hoarders'
23%
children
22%
elementary
22%
school
22%
lifetimes
21%
hang
20%
naive
20%
once
20%
Teachers
20%
sing
19%
Kerbey
13%
whole
13%
wreaths
12%
No matching quizzes found
Score Distribution
Percent of People with Each Score
Percentile by Number Answered
Your Score History
You have not taken this quiz